Contemporary Strategy Analysis (Record no. 12649)

MARC details
000 -LEADER
fixed length control field 00476nam a22001817a 4500
003 - CONTROL NUMBER IDENTIFIER
control field OSt
008 - FIXED-LENGTH DATA ELEMENTS--GENERAL INFORMATION
fixed length control field 240507b |||||||| |||| 00| 0 eng d
020 ## - INTERNATIONAL STANDARD BOOK NUMBER
International Standard Book Number 9789354645945
082 ## - DEWEY DECIMAL CLASSIFICATION NUMBER
Classification number 658.4012 GRC
100 ## - MAIN ENTRY--PERSONAL NAME
Personal name GRANT, Robert M. and JOSE, P. D.
245 ## - TITLE STATEMENT
Title Contemporary Strategy Analysis
250 ## - EDITION STATEMENT
Edition statement 11th. ed.
260 ## - PUBLICATION, DISTRIBUTION, ETC. (IMPRINT)
Place of publication, distribution, etc New Delhi,
Name of publisher, distributor, etc Wiley,
Date of publication, distribution, etc 2023
300 ## - PHYSICAL DESCRIPTION
Extent 582 p.
650 ## - SUBJECT ADDED ENTRY--TOPICAL TERM
Topical term or geographic name as entry element MBA
700 ## - ADDED ENTRY--PERSONAL NAME
Personal name YAYAVARAM, Sai and PALLATHITTA, Rejie George
942 ## - ADDED ENTRY ELEMENTS (KOHA)
Source of classification or shelving scheme Dewey Decimal Classification
Koha item type Text Books
Holdings
Withdrawn status Lost status Source of classification or shelving scheme Damaged status Not for loan Collection code Home library Current library Date acquired Source of acquisition Currency Cost, normal purchase price Bill Number Total Checkouts Full call number Acc. no. / Barcode Date last seen Actual Cost, discounted price Bill Date Koha item type Checked out Date last borrowed
    Dewey Decimal Classification     MBA PIET C-LIBRARY PIET C-LIBRARY 06/04/2024 Zaffa Books and Distributors In Rupees 999.00 ZBD0007   658.4012 GRC 37146 07/05/2024 724.28 06/04/2024 Reference Books    
    Dewey Decimal Classification     MBA PIET C-LIBRARY PIET C-LIBRARY 06/04/2024 Zaffa Books and Distributors In Rupees 999.00 ZBD0007   658.4012 GRC 37147 07/05/2024 724.28 06/04/2024 Text Books    
    Dewey Decimal Classification     MBA PIET C-LIBRARY PIET C-LIBRARY 06/04/2024 Zaffa Books and Distributors In Rupees 999.00 ZBD0007   658.4012 GRC 37148 07/05/2024 724.28 06/04/2024 Text Books    
    Dewey Decimal Classification     MBA PIET C-LIBRARY PIET C-LIBRARY 06/04/2024 Zaffa Books and Distributors In Rupees 999.00 ZBD0007 1 658.4012 GRC 37149 29/01/2025 724.28 06/04/2024 Text Books 18/08/2025 29/01/2025
    Dewey Decimal Classification     MBA PIET C-LIBRARY PIET C-LIBRARY 16/04/2025 Zaffa Books INR 1039.00 ZBD0051   658.4012 GRC 39458 23/04/2025 753.27 16/04/2025 Text Books    
    Dewey Decimal Classification     MBA PIET C-LIBRARY PIET C-LIBRARY 16/04/2025 Zaffa Books INR 1039.00 ZBD0051   658.4012 GRC 39459 23/04/2025 753.27 16/04/2025 Text Books    
    Dewey Decimal Classification     MBA PIET C-LIBRARY PIET C-LIBRARY 16/04/2025 Zaffa Books INR 1039.00 ZBD0051   658.4012 GRC 39460 23/04/2025 753.27 16/04/2025 Text Books    
    Dewey Decimal Classification     MBA PIET C-LIBRARY PIET C-LIBRARY 16/04/2025 Zaffa Books INR 1039.00 ZBD0051   658.4012 GRC 39461 23/04/2025 753.27 16/04/2025 Text Books    

Design & Developed by: PIET Central Library
R70 Miles Stone Pattikalyana Samalkha Panipat 132102
mail ID :- [email protected], Phone No:- 0180-2569700 Ex.216